Statistics for Daily Country Riddle #143

Click here to take the quiz!

General Stats

  • This quiz has been taken 78 times
  • The average score is 13 of 15

Answer Stats

TypeAnswer% Correct
Found LetterA
100%
Found LetterR
99%
Correctly Placed LetterA
96%
Correctly Placed LetterI
96%
Found LetterI
96%
Found LetterE
91%
Found LetterL
90%
Found LetterB
88%
Correctly Placed LetterE
84%
Found LetterI
84%
Correctly Placed LetterB
81%
Correctly Placed LetterR
81%
Correctly Placed LetterI
78%
Correctly Placed LetterL
77%
Mystery CountryLiberia
75%

Score Distribution

Percentile by Number Answered

Percent of People with Each Score

Your Score History

You have not taken this quiz